| 000 | 01404cam a2200409 i 4500 | ||
|---|---|---|---|
| 001 | 7687140014 | ||
| 003 | CO-MdFUSB | ||
| 005 | 20210624150102.0 | ||
| 007 | ta | ||
| 008 | 931227t1993 sp bd 001 0 spa d | ||
| 010 | _a93247192 | ||
| 020 | _a842065292X (set) | ||
| 020 | _a8420652474 (t. 1) | ||
| 020 | _a8420652482 (t. 2) | ||
| 040 |
_aMU _cCO-MdFUSB _dCGP _dCO-MdFUSB _dPL# _dI5B _dUtOrBLW _bspa _erda |
||
| 041 | _aspa | ||
| 042 | _alccopycat | ||
| 043 |
_ae-sp--- _acl----- |
||
| 082 |
_223 _a860.03 _bD545 |
||
| 245 | 0 | 0 |
_aDiccionario de literatura española e hispanoamericana _c/ dirigido por Ricardo Gullón ; prólogo de Fernando Lázaro Carreter ; asesores, Pedro Cátedra [and others] ; secretario, Javier Blasco ; edición, Carmen Criado. |
| 264 | 1 |
_aMadrid : _bAlianza Editorial, _c[1993] |
|
| 264 | 4 | _c©1993. | |
| 300 |
_a2,010 páginas ; _c24 cm. |
||
| 336 |
_atexto _btxt _2rdacontent. |
||
| 337 |
_asin mediación _bn _2rdamedia. |
||
| 338 |
_avolumen _bnc _2rdacarrier. |
||
| 490 | 1 | _aAlianza diccionarios. | |
| 504 | _aIncluye referencias bibliográficas e índice. | ||
| 505 | _aParte 1: A-M Parte 2:N-Z | ||
| 563 | _aRústico | ||
| 650 | 7 |
_aLiteratura hispanoamericana _2embne _92265 _vDiccionarios. |
|
| 700 | 1 |
_aGullón, Ricardo, _d1908-1991. _edirector |
|
| 830 | 0 | _aAlianza diccionarios. | |
| 942 | _cREF | ||
| 945 | _aJTF-925 | ||
| 999 |
_c66293 _d66293 |
||